| 000 | 01255nam a2200349 a 4500 | ||
|---|---|---|---|
| 001 | 000112005 | ||
| 003 | CHAP | ||
| 005 | 20220329144241.0 | ||
| 008 | 151116s2015 mx a fsm |||||||spa d | ||
| 010 | _a108466 | ||
| 011 | _a109438 | ||
| 040 | _cCHAP | ||
| 090 | _aTesis | ||
| 100 | 1 |
_aRomero Bartolo, Jesús _9130056 |
|
| 245 | 1 | 0 |
_aIncidencia y severidad de hongos de follaje en el cultivo de haba (Vicia faba L.) en Esperanza, Puebla / _h[En línea] _cpor Jesús Romero Bartolo. |
| 260 |
_aChapingo, Méx. : _bEl autor, _c2015. |
||
| 500 | _aPara ver el contenido del material haga clic en la liga | ||
| 502 | _aTesis (Ing. Agr. Esp. en Parasitología Agrícola) -- UACH. Departamento de Parasitología Agrícola | ||
| 590 |
_aE6096MTM _b05 _c20151116 _lUCH01 _h1248 |
||
| 590 |
_aE6096MTM _b05 _c20151116 _lUCH01 _h1251 |
||
| 650 | 1 | 4 |
_aAlternaria tenuis. _94685 |
| 650 | 1 | 4 |
_aBotrytis fabae. _914706 |
| 650 | 1 | 4 |
_aHaba _xEnfermedades por hongos. _952102 |
| 650 | 1 | 4 |
_aHaba _xEnfermedades. _952101 |
| 650 | 1 | 4 |
_aHaba _xPuebla. _952121 |
| 650 | 1 | 4 |
_aHaba _xVariedades. _952128 |
| 650 | 1 | 4 |
_aRoya del haba. _9100387 |
| 856 |
_aFinding aid _uhttp://10.13.5.2/tesis/sist112005.pdf _zTeclea aquí |
||
| 901 | _aBK | ||
| 942 | _cTESIS | ||
| 942 | _n0 | ||
| 999 |
_c108466 _d108466 |
||